L'étendand de la Sainte Ligue, à la bataille de Lépante / (Record no. 181030)
[ view plain ]
| 000 -LEADER | |
|---|---|
| campo de control de longitud fija | 00725nam a2200181 i 4500 |
| 001 - NÚMERO DE CONTROL | |
| campo de control | 181030 |
| 003 - IDENTIFICADOR DE NÚMERO DE CONTROL | |
| campo de control | ES-MaACL |
| 005 - FECHA Y HORA DE LA ÚLTIMA TRANSACCIÓN | |
| campo de control | 20250718184454.0 |
| 008 - DATOS DE LONGITUD FIJA--INFORMACIÓN GENERAL | |
| campo de control de longitud fija | 121003s1889 fr |||| | fre d |
| 100 1# - ENTRADA PRINCIPAL--NOMBRE DE PERSONA | |
| Nombre de persona | Fernández Duro, Cesáreo, |
| Fechas asociadas al nombre | 1830-1908 |
| 9 (RLIN) | 49752 |
| 245 12 - MENCIÓN DEL TÍTULO | |
| Título | L'étendand de la Sainte Ligue, à la bataille de Lépante / |
| Mención de responsabilidad, etc. | [C. Fernández Duro]. |
| 260 ## - PUBLICACIÓN, DISTRIBUCIÓN, ETC. | |
| Lugar de publicación, distribución, etc. | [S.l. : |
| Nombre del editor, distribuidor, etc. | s.n., |
| Fecha de publicación, distribución, etc. | 1889?] |
| 300 ## - DESCRIPCIÓN FÍSICA | |
| Extensión | 4 p., [3] h. de lám. crom. lit. ; |
| Dimensiones | 28 p. |
| 595 ## - | |
| -- | Extrait de la Revue de l'Art Chrétien, 1889.- 4me livraison. |
| 650 ## - PUNTO DE ACCESO ADICIONAL DE MATERIA--TÉRMINO DE MATERIA | |
| Término de materia o nombre geográfico como elemento de entrada | Batalla de Lepanto, 1571. |
| 9 (RLIN) | 171486 |
| 852 ## - LOCALIZACIÓN | |
| Ubicación | ES-MaACL |
| Número de control de estantería | T-516-F-11 |
| Nota libre | .- Dedicatoria manuscrita de Rafael Monleon a la biblioteca del Ateneo |
| Estatus retirado | Estado de pérdida | Estado de daño | No para préstamo | Colección | Biblioteca de origen | Biblioteca actual | Ubicación en estantería | Fecha de adquisición | Fuente de adquisición | Total de préstamos | Signatura topográfica completa | Código de barras | Visto por última vez | Precio de reemplazo | Tipo de ítem Koha |
|---|---|---|---|---|---|---|---|---|---|---|---|---|---|---|---|
| Colección de folletos | Biblioteca del Ateneo de Madrid | Biblioteca del Ateneo de Madrid | Depósito folletos | 03/10/2012 | T-516-F-11 | 1190240 | 23/02/2023 | 23/02/2023 | Folleto |
